000 00314nam a2200109Ia 4500
008 171204s9999 xx 000 0 und d
245 _aProgramming with MATLAB for Beginners:
245 _cUpSkill Learning
260 _c2016
650 _xProgramming 1-2
856 _uhttp://down.ebook777.com/034/9781536991444.pdf
999 _c345930
_d345930